MARC

LEADER 00000nab#a22000007a#4500
001 arbauad027878
003 AR-BaUAD
005 20250711112258.0
008 970804|||||||||###||||||b###|0###a|spa||
040 |a AR-BaUAD  |c AR-BaUAD  |b spa 
100 |a Mejetta, Virna 
245 |a Spagna /  |c Virna Mejetta;  
300 0 |b fot. 
653 |a ESPAÑA 
653 |a ARMADAS BOSCH, PERE 
653 |a MARQUINA, NANI 
653 |a CORTES, PEPE 
653 |a ESTUDI BLANC 
653 |a GASCA, JESUS 
653 |a FERRER, MARIANO 
653 |a WORLD, ANDREU 
653 |a CASAS I ORTINEZ, JOAN 
653 |a GRUP BONAMUSA 
653 |a MARELLI, LEONARDO 
653 |a BERNAL-ISERN 
653 |a PENSI, JORGE 
653 |a MASSANA-TREMOLEDA 
653 |a ZERBARO CAROLLO, BRUNATI 
653 |a MEYER, PHILIPPE 
653 |a BOUVIER, PIERRE 
653 |a MILA, ALFONSO 
653 |a MILA, MIGUEL 
653 |a CORREA, FEDERICO 
653 |a WOODGATE, TERENCE 
653 |a HILTON, MATTHEW 
653 |a TEIXIDO, GABRIEL 
653 |a SANS, PETE 
653 |a TERUEL, JOSEP JUAN 
653 |a LLUSCA, JOSEP 
653 |a EQUIPAMIENTO 
653 |a BARES 
653 |a MUEBLES 
653 |a MESAS 
653 |a BANQUETAS 
653 |a SILLAS 
653 |a EQUIPOS 
653 |a AUDIO 
653 |a VIDEO 
653 |a TELEVISION 
653 |a DISCOS COMPACTOS 
653 |a OFICINAS 
653 |a MOBILIARIO 
653 |a CESTOS DE RESIDUOS 
653 |a ARTEFACTOS 
653 |a ILUMINACION 
653 |a LAMPARAS 
653 |a ESTANTERIAS 
653 |a SILLONES 
653 |a MUEBLES MODULARES 
653 |a MUEBLES TRANSFORMABLES 
653 |a DISEÑO DE INTERIORES 
653 |a DISEÑO INDUSTRIAL 
773 0 |t INTERNI  |g no. 462 [jul.-ago. 1996], p. 118-123 
942 |c ARTI 
952 |0 0  |1 0  |4 0  |7 0  |9 72797  |a AR-BAuAD  |b AR-BAuAD  |d 2025-07-11  |l 0  |p AAQA027878  |r 2025-07-11 11:22:58  |w 2025-07-11  |y ARTI 
990 |a DI199  |b TD 
998 |a AAQ  |b BIBUN76 
999 |c 52470  |d 52470